Les cathédrales Notre-Dame en France - Statistiques

Statistiques générales
  • Ce quiz a été pris 39 fois
  • Le résultat moyen est 10 sur 36
Statistiques - réponses
Villes % Correct
Paris
97%
Strasbourg
76%
Reims
70%
Amiens
67%
Chartres
67%
Lille
67%
Rouen
58%
Nancy
48%
Clermont-Ferrand
45%
Arras
36%
Avignon
30%
Le Havre
30%
Nîmes
30%
Toulon
30%
Bayonne
24%
Évreux
24%
Grenoble
21%
Tarbes
21%
Montauban
18%
Gap
15%
Rodez
15%
Coutances
12%
Le Puy-en-Velay
12%
Tulle
12%
Verdun
12%
Cambrai
9%
Dax
9%
Moulins
9%
Noyon
9%
Sées
9%
Basse-Terre
6%
Bayeux
6%
Luçon
6%
Papeete
6%
Mata-Utu
3%
Créteil
0%
Aucun quiz correspondant
Distribution des résultats
% des personnes avec chaque résultat
Percentile par nombre de réponses
Votre historique - résultats
Vous n’avez pas pris ce quiz